Missing Word: USA Cartoon Express Quiz Stats

 Plays Quiz Updated Nov 29, 2017

Challenge
Share
Tweet
Embed
Score 0/20 Timer 03:00
0 Plays Today
Cartoon Missing Word % Correct
Teenage Mutant Ninja ____Turtles
98.4%
The Adventures of Super ____ Bros. 3Mario
94.4%
____ the MenaceDennis
93.6%
Adventures of Sonic the ____Hedgehog
93.3%
Butch Cassidy and the ____ KidsSundance
91.7%
____ Hogan's Rock 'n' WrestlingHulk
90.3%
Fat ____ and the Cosby KidsAlbert
83%
The ____ and Bamm-Bamm ShowPebbles
82.6%
____ and the Pussycats in Outer SpaceJosie
81.9%
____ RichRichie
81.9%
Cartoon Missing Word % Correct
He-Man and the ____ of the UniverseMasters
68.2%
Dynomutt, ____ WonderDog
66.2%
The Legend of ____Zelda
63.1%
Slimer! And the Real ____Ghostbusters
44.7%
Jonny ____Quest
43.3%
Inch High, ____ EyePrivate
38.7%
____ Ghost and Dino BoySpace
36%
Help!... It's the Hair ____ Bunch!Bear
34.3%
Denver the Last ____Dinosaur
20.9%
Captain N: The ____ MasterGame
9.7%

Today's Daily Dose

You're not logged in!

Compare scores with friends on all Sporcle quizzes.
Join for Free
OR
Log In

You Might Also Like...

Show Comments

Extras

Top Quizzes Today


Score Distribution

Your Account Isn't Verified!

In order to create a playlist on Sporcle, you need to verify the email address you used during registration. Go to your Sporcle Settings to finish the process.

Report this User

Report this user for behavior that violates our Community Guidelines.

Details: